A New Look at Modern Indian History: (Record no. 207572)

MARC details
000 -LEADER
fixed length control field 00872nam a22002417a 4500
005 - DATE AND TIME OF LATEST TRANSACTION
control field 20250304145354.0
010 ## - LCCN (DPL NO)
LC control number DEC24SC ENG-142954 ENG-143665 ENG-143951
020 ## - INTERNATIONAL STANDARD BOOK NUMBER
International Standard Book Number 9789355016836
Terms of availability 675.00
035 ## - SYSTEM CONTROL NUMBER
System control number EN-126486
035 ## - SYSTEM CONTROL NUMBER
System control number EN-127483
035 ## - SYSTEM CONTROL NUMBER
System control number EN-127197
037 ## - SOURCE OF ACQUISITION
Source of stock number/acquisition DBAD
082 ## - DEWEY DECIMAL CLASSIFICATION NUMBER
Classification number 954
Edition number 33
100 ## - MAIN ENTRY--PERSONAL NAME
Personal name Grover, B L
245 ## - TITLE STATEMENT
Title A New Look at Modern Indian History:
Statement of responsibility, etc by B L Grover [and] Alka Mehta
Remainder of title From 1707 to The Modern Times/
250 ## - EDITION STATEMENT
Edition statement 33
260 ## - PUBLICATION, DISTRIBUTION, ETC. (IMPRINT)
Place of publication, distribution, etc New Delhi
Name of publisher, distributor, etc S Chand and Company Limited
Date of publication, distribution, etc 2023
270 ## - ADDRESS
Address A-27, 2nd Floor, Mohan Co-operative Industrial Estate
City New Delhi
Postal code 110044
Electronic mail address info@schandpublishing.com
Telephone number 011-49731800
300 ## - PHYSICAL DESCRIPTION
Extent xxx,582p.
Dimensions 23cm(pb)
500 ## - GENERAL NOTE
General note From 1707 To The Modern Times (UPSC CSE Edition)
700 ## - ADDED ENTRY--PERSONAL NAME
Personal name Mehta, Alka
Relator term Author
9 (RLIN) 74965
942 ## - ADDED ENTRY ELEMENTS (KOHA)
Source of classification or shelving scheme Dewey Decimal Classification
Item type English Books
Classification part 954
Call number suffix GRO
Edition 1
Holdings
Withdrawn status Lost status Not for loan Collection code Home library Current library Date acquired Source of acquisition Cost, normal purchase price Full call number Barcode Copy number Cost, replacement price Koha item type
      Non-fiction Central Library Central Library 28/01/2025 Delivery of Books Act Division 675.00 954 GRO EN-127197 1 675.00 English Books
      Non-fiction Sarojini Nagar Sarojini Nagar 11/12/2024 Delivery of Books Division 675.00 954 GRO EN-126486 1 675.00 English Books
      Non-fiction Sarojini Nagar Sarojini Nagar 04/03/2025 Delivery of Books Act Division 675.00 954 GRO EN-127483 1 675.00 English Books

© Delhi Public Library
Hit Counter
free hit counter